00934nam a22002057a 4500003000900000008004100009040007100050082002200121110005500143245006600198260003100264300002900295440005000324505023400374650001400608650003400622650001600656700002700672700002900699AR-CdUCM190425b ||||| |||| 00| 0 spa d aMUNICIPALIDAD PROVINCIAL DEL CUSCOcBIBLIOTECA MUNICIPAL DEL CUSCO aRev.Edu/N°6/1965 aUniversidad Nacional de San Antonio Abad del Cusco aRevista Educación /cÓrgano de la Facultad de Educación aCusco.bH.G. Rozas,c1965. a204 páginas. :c21 cm. aRevista Educación.nNúmero 6, año 1965 aContenido: Bases de una política educacional. Jorge Castro Harrison. -- La educación en la republica. Julio Vizcarra. -- La escuela completa de maestro único. Amando Sacristán. -- El juicio y la creencia. Daniel Castillo. aEducacion aFilosofía de la Educación aPedagogía aCastro Harrison, Jorge aRojas Díaz, Benjamín